Statistics for Anime Word Scramble Easy

Click here to take the quiz!

General Stats

  • This quiz has been taken 92 times
  • The average score is 16 of 22

Answer Stats

HintAnswer% Correct
tkaact on nattiAttack on Titan
96%
neo pceeiOne Piece
92%
dahte oetnDeath Note
89%
no gmea on elfiNo Game No Life
88%
yoobwc eobbpCowboy Bebop
85%
ssssnnaaatiio somlacsorsAssassination Classroom
82%
ftumlalel himacesltFullmetal Alchemist
82%
ym rohe deaacamiMy Hero Academia
82%
iyarf liatFairy Tail
79%
eon hcupn anmOne Punch Man
79%
uble crxiotseBlue Exorcist
78%
ruyo eil in prialYour Lie in April
73%
yookt hlguoTokyo Ghoul
71%
albcehBleach
68%
agrodn alblDragon Ball
68%
luso treaeSoul Eater
66%
auntorNaruto
62%
roisal nomoSailor Moon
55%
koopmnePokemon
53%
ayunihasInuyasha
41%
grinutTrigun
41%
imaaurs polomachSamurai Champloo
27%

Score Distribution

Percentile by Number Answered

Percent of People with Each Score

Your Score History

You have not taken this quiz